LEADER 01216nam 2200397 450 001 990000780850203316 010 $a88-7104-906-3 035 $a0078085 035 $aUSA010078085 035 $a(ALEPH)000078085USA01 035 $a0078085 100 $a20011129d1994----km-y0itay0103----ba 101 $aita 102 $aIT 105 $a||||||||001yy 200 1 $aMemorie di famiglia$ePietro del Giudice di Sassa Cilento$e(secolo 18.)$fa cura di Rossella Sbisą 210 $aNapoli$cEdizioni scientifiche italiane$d1994 215 $a85 p.$d24 cm 225 2 $aQuaderni di storia del Mezzogiorno$v8 410 $12001$aQuaderni di storia del Mezzogiorno$v8 461 1$1001-------$12001 606 0 $aDel Giudice, Pietro$xStoria 676 $a929.2 702 1$aSBISA,$bRossella 801 0$aIT$bsalbc$gISBD 912 $a990000780850203316 951 $aCOLL PLA 8$b6645 G$cCOLL PLA 951 $aCOLL PLA 8$b6646 G$cCOLL PLA 951 $aCOLL PLA 8$b6647 G$cCOLL PLA 959 $aBK 969 $aGIU 979 $aPATTY$b90$c20011129$lUSA01$h1635 979 $c20020403$lUSA01$h1725 979 $aPATRY$b90$c20040406$lUSA01$h1654 996 $aMemorie di famiglia$961341 997 $aUNISA LEADER 01939nam0 2200517 i 450 001 CFI0015602 005 20251003044109.0 010 $a8807100622 020 $aIT$b86-1418 100 $a20080129d1986 ||||0itac50 ba 101 | $aita 102 $ait 181 1$6z01$ai $bxxxe 182 1$6z01$an 200 1 $aˆLe ‰radici della biologia$fMario Ageno 210 $aMilano$cFeltrinelli$d1986 215 $a437 p.$cill.$d23 cm. 225 | $aCampi del sapere 410 0$1001CFI0001750$12001 $aCampi del sapere 606 $aBiologia$2FIR$3CFIC006589$9E 606 $aBiologia$xTeorie$2FIR$3CFIC002204$9E 606 $aEvoluzione$2FIR$3CFIC002206$9E 606 $aVita$xTeorie$2FIR$3CFIC002205$9E 676 $a570.1$9SCIENZE DELLA VITA. BIOLOGIA. Filosofia e teoria$v14 676 $a574.01$9Biologia. Filosofia e teoria$v12 676 $a574.01$9BIOLOGIA. FILOSOFIA E TEORIA$v19 676 $a574.01$9FILOSOFIA E TEORIA DELLA BIOLOGIA$v20 676 $a574.01$9$v21 676 $a574.191$9BIOFISICA.$v21 696 $aScienze biologiche 696 $aScienze biologiche 696 $aOrigine della specie$aEvoluzione biologica 699 $aBiologia$zScienze biologiche 699 $aBiologia$zScienze biologiche 699 $aEvoluzione$zOrigine della specie 699 $aEvoluzione$yEvoluzione biologica 700 1$aAgeno$b, Mario$3CFIV009847$4070$018 801 3$aIT$bIT-000000$c20080129 850 $aIT-BN0095 $aIT-NA0075 $aIT-AV0045 901 $bNAP MV$cF $nDEPOSITO LIBRARIO SCIENZE SOCIALI SALA F 901 $bNAP 01$cSALA $n$ 912 $aCFI0015602 950 0$aBiblioteca Centralizzata di Ateneo$d 01SALA 570.1 AGE ra$e 0104 9000005645 VMA 1 v.$fA $h20120928$i20120928 977 $a 01$a GE$a MV 996 $aRadici della biologia$9103419 997 $aUNISANNIO